[Event "Lichtenberger Sommer 2016"]
[Site "?"]
[Date "2016.08.21"]
[Round "9.62"]
[White "Körner, Helmut"]
[Black "Wölfert, Jürgen"]
[Result "1/2-1/2"]
[WhiteElo "1870"]
[BlackElo "1834"]
[PlyCount "162"]
[EventDate "2016.??.??"]
[WhiteTeam "SF Nordost Berlin"]
[BlackTeam "BSC Rehberge"]

1. b4 e5 2. Bb2 d6 3. e3 Nf6 4. c4 b6 5. Nf3 Nbd7 6. Be2 Be7 7. O-O O-O 8. d4
exd4 9. Nxd4 Bb7 10. Bf3 d5 11. a3 Ne5 12. cxd5 Nxf3+ 13. Nxf3 Nxd5 14. Nbd2
Bf6 15. Bxf6 Qxf6 16. Qc2 Rac8 17. Rac1 Rfe8 18. Qb1 b5 19. Ne4 Qg6 20. Nc5
Qxb1 21. Rxb1 Nc3 22. Rb2 Bxf3 23. gxf3 Rcd8 24. Rc2 Nd5 25. Rfc1 f5 26. Na6
Nb6 27. Nxc7 Re7 28. Nxb5 Rd3 29. Nxa7 Rxa7 30. Rc3 Rxa3 31. Rc6 Nd7 32. Rc7
Rab3 33. Rb7 h6 34. Rcc7 Rb1+ 35. Kg2 Rbd1 36. f4 Kf8 37. b5 Ke7 38. b6 Kd8 39.
Rc6 Rd6 40. Rc2 Rxb6 41. Ra7 Ke7 42. Kf3 g5 43. fxg5 hxg5 44. Ra5 Ke6 45. Kg2
Rd5 46. Ra8 Nf6 47. Ra3 Ne4 48. Raa2 g4 49. f3 gxf3+ 50. Kxf3 Rd1 51. Ra3 Rd2
52. Raa2 Rxc2 53. Rxc2 Rd6 54. Ke2 Ke5 55. Rb2 Rh6 56. Kd3 Rd6+ 57. Ke2 Nc3+
58. Kf3 Rd1 59. Rc2 Nd5 60. Re2 Nc3 61. Rc2 Rd3 62. Kf2 Ke4 63. h4 Rxe3 64. h5
Rh3 65. Kg2 Re3 66. Kf2 Nd1+ 67. Kg2 Kd3 68. Rc7 f4 69. h6 Re2+ 70. Kh3 Nf2+
71. Kh4 Re8 72. h7 Ke3 73. Re7+ Rxe7 74. h8=Q Re4 75. Qh6 Nd3 76. Qg5 Ne1 77.
Qc5+ Ke2 78. Qd5 Ke3 79. Qc5+ Rd4 80. Qe5+ Re4 81. Qc5+ Rd4 1/2-1/2

[Event "Lichtenberger Sommer 2016"]
[Site "?"]
[Date "2016.08.21"]
[Round "9.63"]
[White "Lange, Cecilia"]
[Black "Ollek, Karl-Heinz"]
[Result "0-1"]
[WhiteElo "1858"]
[BlackElo "1739"]
[PlyCount "102"]
[EventDate "2016.??.??"]
[WhiteTeam "TSG Oberschöneweide"]
[BlackTeam "SC Friesen Lichtenberg"]

1. e4 c5 2. Nf3 Nf6 3. Nc3 d6 4. d4 cxd4 5. Qxd4 Nc6 6. Bb5 Bd7 7. Bxc6 Bxc6 8.
Bg5 e6 9. O-O-O Be7 10. Qd3 O-O 11. Nd4 h6 12. Bh4 Re8 13. f4 Qa5 14. Be1 a6
15. Kb1 Qc7 16. Rg1 d5 17. exd5 Bxd5 18. Bd2 Rac8 19. g4 Red8 20. h4 Qc4 21.
Qxc4 Bxc4 22. Be3 b5 23. g5 hxg5 24. hxg5 Nd5 25. Nxd5 Bxd5 26. Rd2 Be4 27.
Rgd1 g6 28. Kc1 Kg7 29. Nb3 Rxd2 30. Rxd2 Rh8 31. Bd4+ f6 32. gxf6+ Bxf6 33.
Bxf6+ Kxf6 34. Nd4 Rh1+ 35. Rd1 Rxd1+ 36. Kxd1 e5 37. fxe5+ Kxe5 38. Ne2 Bf3
39. Kd2 Bxe2 40. Kxe2 Ke4 41. Kf2 b4 42. Ke2 a5 43. Kf2 a4 44. Ke2 g5 45. Kf2
a3 46. bxa3 bxa3 47. Kg3 Kd4 48. Kg4 Kc3 49. Kxg5 Kxc2 50. Kf4 Kb2 51. Ke3 Kxa2
0-1

[Event "Lichtenberger Sommer 2016"]
[Site "?"]
[Date "2016.08.21"]
[Round "9.64"]
[White "Kling, Maximilian"]
[Black "Weber, Gerald"]
[Result "1-0"]
[WhiteElo "1804"]
[BlackElo "1609"]
[PlyCount "67"]
[EventDate "2016.??.??"]
[WhiteTeam "SK Kriegshaber"]
[BlackTeam "SSV Rotation Berlin"]

1. e4 c6 2. d4 d5 3. e5 e6 4. Nf3 c5 5. c3 c4 6. b3 b5 7. Be2 Qc7 8. O-O Nc6 9.
h4 f5 10. exf6 Nxf6 11. Ng5 Bd6 12. Bh5+ g6 13. Bf3 O-O 14. Re1 e5 15. dxe5
Nxe5 16. Bxd5+ Nxd5 17. Qxd5+ Kh8 18. Qxa8 Bb7 19. Qxf8+ Bxf8 20. Rxe5 Qc6 21.
Nf3 Bg7 22. Re1 cxb3 23. axb3 a6 24. Bf4 Kg8 25. Be5 Bh6 26. Na3 g5 27. hxg5
Bxg5 28. Rad1 Be7 29. Nc2 Kf7 30. b4 Qg6 31. Ncd4 h5 32. Bg3 Bf6 33. Re3 Kg8
34. Rde1 1-0

[Event "Lichtenberger Sommer 2016"]
[Site "?"]
[Date "2016.08.21"]
[Round "9.65"]
[White "Stein, Siegfried"]
[Black "Prix, Siegfried"]
[Result "1-0"]
[WhiteElo "1856"]
[BlackElo "1726"]
[PlyCount "65"]
[EventDate "2016.??.??"]
[WhiteTeam "SV Berolina Mitte"]
[BlackTeam "SF 1903 Berlin"]

1. e4 e5 2. Nc3 Nf6 3. Bc4 Bc5 4. d3 O-O 5. Nf3 d6 6. h3 Nc6 7. Bg5 Be6 8. Nd5
Bxd5 9. Bxd5 Qe7 10. c3 h6 11. Be3 Nxd5 12. exd5 Bxe3 13. fxe3 Nd8 14. e4 c6
15. c4 cxd5 16. cxd5 b6 17. Rc1 Nb7 18. b4 a5 19. a3 axb4 20. axb4 Ra2 21. O-O
Rfa8 22. Rc2 b5 23. Rxa2 Rxa2 24. Qb3 Ra4 25. Rc1 Qd7 26. Qc3 Kf8 27. Qc8+ Qxc8
28. Rxc8+ Ke7 29. Rc7+ Kf6 30. Rxb7 Rxb4 31. Kf2 Rb2+ 32. Ke3 b4 33. Nd2 1-0

[Event "Lichtenberger Sommer 2016"]
[Site "?"]
[Date "2016.08.21"]
[Round "9.66"]
[White "Günther, Boris"]
[Black "Kautz, Stefan"]
[Result "1/2-1/2"]
[WhiteElo "1693"]
[BlackElo "1935"]
[PlyCount "35"]
[EventDate "2016.??.??"]
[WhiteTeam "SF Friedrichshagen"]
[BlackTeam "SC Empor Maulwurf Bonn"]

1. d4 d5 2. c4 c6 3. Nc3 e6 4. Nf3 Nf6 5. Bg5 Be7 6. cxd5 cxd5 7. e3 a6 8. Bd3
b5 9. O-O Bb7 10. Qc2 Nbd7 11. a3 Rc8 12. Qe2 O-O 13. Nd2 e5 14. dxe5 Nxe5 15.
Bf5 Nfd7 16. Bxe7 Qxe7 17. Bxd7 Qxd7 18. Nb3 1/2-1/2

[Event "Lichtenberger Sommer 2016"]
[Site "?"]
[Date "2016.08.21"]
[Round "9.67"]
[White "Bonke, Hans-Jürgen"]
[Black "Udet, Fabian"]
[Result "1/2-1/2"]
[WhiteElo "1893"]
[BlackElo "1663"]
[PlyCount "84"]
[EventDate "2016.??.??"]
[WhiteTeam "SC Kreuzberg"]
[BlackTeam "1. SC Anhalt"]

1. d4 d5 2. Bf4 Nc6 3. e3 Nf6 4. Be2 e6 5. Nd2 Be7 6. h3 O-O 7. Ngf3 Nh5 8. Bh2
f5 9. Ne5 Nxe5 10. Bxe5 Nf6 11. c4 c5 12. cxd5 cxd4 13. Bxd4 Nxd5 14. Rc1 b6
15. O-O Bb7 16. Nc4 Bf6 17. Ne5 Qd6 18. Nc4 Qd8 19. Bf3 Qe7 20. Re1 Rad8 21.
Bxf6 Qxf6 22. Qa4 g5 23. Rf1 g4 24. hxg4 fxg4 25. Bxg4 Rf7 26. Bh3 Rg7 27. Kh2
Kh8 28. f3 Rdg8 29. Rc2 Qh4 30. g4 h5 31. Rg2 hxg4 32. Rxg4 Rxg4 33. fxg4 Nf6
34. Ne5 Rg7 35. Qf4 Ne4 36. Rd1 Bd5 37. Rc1 Kh7 38. Rf1 Ng5 39. Qg3 Qh6 40. Rf8
Rc7 41. Nd3 Rc2+ 42. Rf2 Nf3+ 1/2-1/2

[Event "Lichtenberger Sommer 2016"]
[Site "?"]
[Date "2016.08.21"]
[Round "9.68"]
[White "Kasper, Peter"]
[Black "Ritter, Uwe"]
[Result "0-1"]
[WhiteElo "1778"]
[BlackElo "1928"]
[PlyCount "36"]
[EventDate "2016.??.??"]
[WhiteTeam "SG Eckturm (Berlin)"]
[BlackTeam "Reideburger SV"]

1. e4 e6 2. d4 d5 3. exd5 exd5 4. Nf3 Bd6 5. h3 Bf5 6. c3 Nf6 7. Be2 Nc6 8. O-O
Qd7 9. Re1 O-O-O 10. Be3 h6 11. Bf1 g5 12. Nh2 g4 13. Nxg4 Bxg4 14. hxg4 Nxg4
15. g3 Rde8 16. Qf3 h5 17. Qxd5 h4 18. gxh4 Bh2+ 0-1

[Event "Lichtenberger Sommer 2016"]
[Site "?"]
[Date "2016.08.21"]
[Round "9.69"]
[White "Andresen, Klaus"]
[Black "Krüger, Ekkehard"]
[Result "0-1"]
[WhiteElo "1559"]
[BlackElo "1818"]
[PlyCount "68"]
[EventDate "2016.??.??"]
[WhiteTeam "Niendorfer TSV"]
[BlackTeam "Narva Berlin"]

1. c4 e5 2. g3 Nf6 3. Bg2 c6 4. d4 e4 5. Nc3 d5 6. Nh3 Bb4 7. O-O Bxc3 8. bxc3
dxc4 9. Ba3 Bxh3 10. Bxh3 Qd5 11. f3 Nbd7 12. fxe4 Qxe4 13. Bg2 Qe3+ 14. Kh1
Ne4 15. Qe1 Nef6 16. Rf3 Qe6 17. e4 O-O-O 18. Rf2 a5 19. Qf1 Ng4 20. Rxf7 Ne3
21. Bh3 Qg6 22. Qf2 Qxe4+ 23. Kg1 Ng4 24. Bxg4 Qxg4 25. Rf4 Qg6 26. d5 cxd5 27.
Rd1 Nb6 28. Bc5 Rd7 29. Re1 Kc7 30. Rf5 Re8 31. Bd6+ Kxd6 32. Rxe8 Qxe8 33.
Qf4+ Kc6 34. Re5 Re7 0-1

[Event "Lichtenberger Sommer 2016"]
[Site "?"]
[Date "2016.08.21"]
[Round "9.70"]
[White "Lieder, Günter"]
[Black "Reck, Jessica"]
[Result "0-1"]
[WhiteElo "1866"]
[BlackElo "1653"]
[PlyCount "100"]
[EventDate "2016.??.??"]
[WhiteTeam "SK Turm Bad Hersfeld"]
[BlackTeam "SK König Tegel"]

1. e4 g6 2. d4 c6 3. c3 d5 4. exd5 cxd5 5. Bg5 Bg7 6. Nd2 Nc6 7. Nb3 Nf6 8. Bd3
a6 9. Nf3 O-O 10. O-O b5 11. Re1 Re8 12. h3 Qb6 13. Qd2 b4 14. Rab1 bxc3 15.
bxc3 Qc7 16. Bh4 Nh5 17. Nc5 e5 18. g4 Nf4 19. Bf1 h5 20. Bg3 hxg4 21. hxg4
Bxg4 22. dxe5 Bxf3 23. Bxf4 Qc8 24. e6 fxe6 25. Bh3 Nd8 26. Qe3 Be4 27. Nxe4
dxe4 28. Qxe4 Kh7 29. Be5 Ra7 30. Bxg7 Rxg7 31. c4 Qd7 32. Rbd1 Qe7 33. Rd2
Qg5+ 34. Kf1 Qxd2 35. c5 Qc3 36. Re3 Qxc5 37. Bg4 Qb5+ 38. Be2 Qf5 39. Qh4+ Kg8
40. Rh3 Nf7 41. Bd3 Qg5 42. Qa4 Qc1+ 43. Kg2 Rc8 44. Qxa6 Qc6+ 45. Qxc6 Rxc6
46. Bb5 Rc5 47. a4 Nd6 48. Bd3 Rc3 49. Kf1 Nb7 50. Ke2 Nc5 0-1

[Event "Lichtenberger Sommer 2016"]
[Site "?"]
[Date "2016.08.21"]
[Round "9.71"]
[White "Bartoszewski-Reiski, Olaf"]
[Black "Bandsom, Olaf"]
[Result "0-1"]
[WhiteElo "1574"]
[BlackElo "1812"]
[PlyCount "92"]
[EventDate "2016.??.??"]
[WhiteTeam "BKS Chemik Bydgoszcz"]
[BlackTeam "SC Friesen Lichtenberg"]

1. e4 e5 2. f4 exf4 3. Nf3 g5 4. Bc4 g4 5. O-O gxf3 6. Qxf3 Bc5+ 7. Kh1 Qf6 8.
c3 d6 9. d4 Bb6 10. Bxf4 Nc6 11. Qh5 Qg6 12. Bxf7+ Qxf7 13. Qxf7+ Kxf7 14. Be5+
Nf6 15. Bxf6 Rg8 16. d5 Nb8 17. Nd2 Ke8 18. e5 dxe5 19. Bxe5 Nd7 20. Bg3 Rg7
21. Bh4 Rf7 22. Rae1+ Kf8 23. Nf3 Bc5 24. Bg5 Kg7 25. Re4 Nb6 26. c4 Bd7 27.
Rfe1 Raf8 28. a3 Bf5 29. Rh4 Kg8 30. Rh6 Nxc4 31. Rc1 Bd3 32. Rc3 Rxf3 33. gxf3
Rxf3 34. Kg2 Rf2+ 35. Kg3 Rf5 36. Rxd3 Rxg5+ 37. Kf4 Rg7 38. b4 Bd6+ 39. Ke4
Ne5 40. Rd2 Ng6 41. Rg2 Rf7 42. h4 Kf8 43. h5 Re7+ 44. Kd4 Kg7 45. Rgxg6+ hxg6
46. Rxg6+ Kh7 0-1

[Event "Lichtenberger Sommer 2016"]
[Site "?"]
[Date "2016.08.21"]
[Round "9.72"]
[White "Petersen, Moritz"]
[Black "Pöcheim, Stephan"]
[Result "0-1"]
[WhiteElo "1729"]
[BlackElo "1716"]
[PlyCount "88"]
[EventDate "2016.??.??"]
[WhiteTeam "SV Rüdersdorf"]
[BlackTeam "SF 1903 Berlin"]

1. d4 e6 2. g3 d5 3. c4 Nf6 4. Bg2 Bd6 5. Nf3 c6 6. O-O b6 7. Nc3 O-O 8. Ne5
Qc7 9. f4 Bb7 10. e4 dxe4 11. Nxe4 Nxe4 12. Bxe4 f5 13. Bg2 Nd7 14. Qe2 Nxe5
15. dxe5 Be7 16. Be3 Rad8 17. c5 bxc5 18. Qc4 Qc8 19. Rfd1 Rd5 20. Qa4 Rfd8 21.
Bxd5 cxd5 22. Rac1 Qc7 23. a3 a5 24. b4 axb4 25. axb4 Ra8 26. Qc2 c4 27. b5 Bc5
28. Qf2 Bxe3 29. Qxe3 Ra2 30. Rd2 Rxd2 31. Qxd2 Qc5+ 32. Qf2 Qxb5 33. Qd4 Qb3
34. Qc5 Qb2 35. Rf1 d4 36. Rf2 Qc1+ 37. Rf1 Qd2 38. Rf2 Qe1+ 39. Rf1 Qe3+ 40.
Rf2 Qe1+ 41. Rf1 Qe3+ 42. Rf2 Qe4 43. Kf1 d3 44. Qc7 Qh1# 0-1

[Event "Lichtenberger Sommer 2016"]
[Site "?"]
[Date "2016.08.21"]
[Round "9.73"]
[White "Glienke, Michael"]
[Black "Fiedler, Ronald"]
[Result "1-0"]
[WhiteElo "1779"]
[BlackElo "1700"]
[PlyCount "146"]
[EventDate "2016.??.??"]
[WhiteTeam "SC Kreuzberg"]
[BlackTeam "Läufer Reinickendorf"]

1. d4 d5 2. Bf4 e6 3. c4 Nf6 4. Nc3 c5 5. e3 cxd4 6. exd4 Nc6 7. c5 a6 8. Nf3
Be7 9. Bd3 O-O 10. O-O Nd7 11. Qc2 h6 12. a3 Bf6 13. Ne2 e5 14. dxe5 Bxe5 15.
Nxe5 Ndxe5 16. Rfd1 Be6 17. Nc3 Qf6 18. Bxe5 Qxe5 19. Re1 Qg5 20. Rad1 Rfe8 21.
Re3 Bg4 22. Rde1 Rxe3 23. Rxe3 Nd4 24. Qa4 Nc6 25. h3 Be6 26. Ne2 Qe7 27. Qc2
Qc7 28. Rg3 Ne5 29. b4 Nxd3 30. Qxd3 Qe5 31. Qd2 Kf8 32. Nd4 Re8 33. Re3 Qf6
34. a4 Bd7 35. b5 axb5 36. axb5 Qg6 37. Rxe8+ Kxe8 38. Qe2+ Qe4 39. Qd2 Bxb5
40. Nxb5 Qb1+ 41. Kh2 Qxb5 42. Qxd5 Qc6 43. Qe5+ Kf8 44. Qb8+ Ke7 45. Qe5+ Kf8
46. Qd4 Qc7+ 47. g3 Kg8 48. Qd5 g6 49. f3 Qe7 50. Qc4 Qe1 51. Qc2 Qe3 52. Kg2
Qd4 53. Qf2 Qd5 54. g4 h5 55. Qe3 hxg4 56. hxg4 Kf8 57. Kg3 Qd7 58. Qe5 Qc6 59.
g5 Qd7 60. Kf4 Qd2+ 61. Qe3 Qd5 62. Qe5 Qd2+ 63. Kg3 Qd7 64. f4 Qd3+ 65. Kf2
Qd2+ 66. Kf3 Qd3+ 67. Qe3 Qd5+ 68. Ke2 Qc4+ 69. Kd2 Qd5+ 70. Kc3 Qc6 71. Qe5 b5
72. Kb4 Kg8 73. Qb8+ Kg7 1-0

[Event "Lichtenberger Sommer 2016"]
[Site "?"]
[Date "2016.08.21"]
[Round "9.74"]
[White "Schiering, Manfred"]
[Black "Mueller, Jörg René"]
[Result "0-1"]
[WhiteElo "1671"]
[BlackElo "1557"]
[PlyCount "104"]
[EventDate "2016.??.??"]
[WhiteTeam "vereinslos"]
[BlackTeam "SC Zugzwang 95 (Berlin)"]

1. c4 c5 2. Nf3 Nc6 3. e3 f5 4. d4 g6 5. d5 Nb8 6. Bd2 Bg7 7. Bc3 Nf6 8. Bd3 d6
9. Nbd2 O-O 10. O-O Nbd7 11. Qc2 Nb6 12. b3 e6 13. dxe6 Bxe6 14. Rfe1 h6 15. e4
Qd7 16. Nh4 Kf7 17. exf5 Bxf5 18. Nxf5 gxf5 19. Bxf5 Qc7 20. Be6+ Ke7 21. Re2
Rae8 22. Rae1 Kd8 23. Bh3 Qf7 24. Bf5 Rxe2 25. Rxe2 Nbd7 26. Bxd7 Kxd7 27. Nf1
Kc7 28. Qf5 Nh5 29. Qxf7+ Rxf7 30. Bxg7 Nxg7 31. g4 a6 32. Kg2 Kd7 33. Re4 Ne6
34. Kg3 Ng5 35. Re3 Ne6 36. h3 b6 37. Nh2 Nd4 38. f4 Rg7 39. Kf2 Rf7 40. f5 h5
41. Kg3 hxg4 42. hxg4 b5 43. cxb5 axb5 44. Nf3 Nc6 45. Kf4 Ne7 46. Rd3 Rf8 47.
Rd2 Kc6 48. Rc2 b4 49. Nd4+ Kd7 50. Ne2 Nd5+ 51. Kf3 Re8 52. Kg2 Ne3+ 0-1

[Event "Lichtenberger Sommer 2016"]
[Site "?"]
[Date "2016.08.21"]
[Round "9.75"]
[White "Korell, Klaus-Peter"]
[Black "Fock, Sana"]
[Result "1-0"]
[WhiteElo "1875"]
[BlackElo "1581"]
[PlyCount "69"]
[EventDate "2016.??.??"]
[WhiteTeam "SG TT/Wiheil (FV Schach)"]
[BlackTeam "SK International Berlin"]

1. d4 d5 2. c4 e6 3. Nf3 Nf6 4. e3 c6 5. Bd3 Be7 6. O-O O-O 7. Nc3 Nbd7 8. Qe2
Qc7 9. cxd5 exd5 10. Bd2 Re8 11. Rac1 Bd6 12. Nb5 Qb8 13. Nxd6 Qxd6 14. Bc3 b6
15. Qc2 Ne4 16. Rfe1 Nf8 17. Nd2 Qg6 18. f3 Bh3 19. Nxe4 dxe4 20. Bxe4 Rxe4 21.
fxe4 Re8 22. e5 Qxc2 23. Rxc2 Bf5 24. e4 Be6 25. Rd2 Rd8 26. Red1 Bg4 27. Rf1
Be6 28. h3 a5 29. b3 Ng6 30. Rfd1 Nf4 31. Kh2 Kf8 32. Bb2 f5 33. Rf2 g5 34. g3
Nh5 35. exf5 1-0

[Event "Lichtenberger Sommer 2016"]
[Site "?"]
[Date "2016.08.21"]
[Round "9.76"]
[White "Rollwitz, Jürgen"]
[Black "Fock, Amina"]
[Result "1/2-1/2"]
[WhiteElo "1951"]
[BlackElo "1511"]
[PlyCount "115"]
[EventDate "2016.??.??"]
[WhiteTeam "SC Rochade (Berlin)"]
[BlackTeam "SK International Berlin"]

1. e4 d5 2. exd5 Qxd5 3. Nc3 Qd6 4. d4 c6 5. Nf3 Bg4 6. Bc4 Nf6 7. Be3 e6 8. h3
Bh5 9. a3 Qc7 10. Be2 Bd6 11. Qd2 Nbd7 12. g4 Bg6 13. Bd3 Bxd3 14. Qxd3 O-O-O
15. O-O-O Nb6 16. Nd2 Nfd5 17. Nc4 Nxc4 18. Qxc4 Bf4 19. Nxd5 Rxd5 20. c3 Rhd8
21. Qe2 Bxe3+ 22. fxe3 e5 23. Qf3 exd4 24. exd4 f6 25. Rde1 c5 26. dxc5 Qxc5
27. Rd1 Qc6 28. Rxd5 Qxd5 29. Qxd5 Rxd5 30. Rd1 Rxd1+ 31. Kxd1 Kd7 32. Kd2 Kd6
33. Kd3 Kd5 34. c4+ Ke5 35. Ke3 g5 36. b4 f5 37. gxf5 h5 38. f6 Kxf6 39. Ke4
Ke6 40. a4 Kd6 41. c5+ Kc6 42. Kd4 a6 43. Kc4 g4 44. b5+ axb5+ 45. axb5+ Kc7
46. hxg4 hxg4 47. Kd4 g3 48. Ke3 g2 49. Kf2 g1=Q+ 50. Kxg1 Kd7 51. Kf2 Ke6 52.
Ke3 Kd5 53. c6 bxc6 54. b6 Kd6 55. Kd4 c5+ 56. Kc4 Kc6 57. b7 Kxb7 58. Kxc5
1/2-1/2

[Event "Lichtenberger Sommer 2016"]
[Site "?"]
[Date "2016.08.21"]
[Round "9.77"]
[White "Prütz, Sigurd"]
[Black "Verbitsky, Jaroslaw"]
[Result "1-0"]
[WhiteElo "1724"]
[BlackElo "1551"]
[PlyCount "99"]
[EventDate "2016.??.??"]
[WhiteTeam "Königsjäger Süd-West"]
[BlackTeam "SV Mattnetz Berlin"]

1. e4 c6 2. d4 d5 3. exd5 cxd5 4. c4 Nf6 5. Nc3 e6 6. Nf3 Nc6 7. Bg5 dxc4 8.
Bxc4 Be7 9. O-O O-O 10. a3 h6 11. Bf4 Nd5 12. Bg3 Bd6 13. Ne5 Nxc3 14. bxc3
Nxe5 15. dxe5 Be7 16. Qb3 Qc7 17. Rfd1 Bd7 18. Bf1 Bc6 19. c4 Rfd8 20. Bf4 Bc5
21. Qg3 Kf8 22. h4 Rxd1 23. Rxd1 Rd8 24. Rxd8+ Qxd8 25. Be3 Be7 26. h5 a6 27.
Be2 Bg5 28. Bxg5 Qxg5 29. Qxg5 hxg5 30. Kf1 Ke7 31. g3 b5 32. Ke1 bxc4 33. Bxc4
Bb5 34. Ba2 g4 35. Kd2 Kf8 36. Kc3 Ke7 37. Bc4 Bxc4 38. Kxc4 Kd7 39. Kc5 Kc7
40. a4 Kd8 41. Kb6 Kd7 42. a5 Kc8 43. Kxa6 Kc7 44. Kb5 Kb7 45. Kc5 Ka6 46. Kd6
Kxa5 47. Ke7 Kb4 48. Kxf7 Kc4 49. Kxe6 Kd3 50. Kf5 1-0

[Event "Lichtenberger Sommer 2016"]
[Site "?"]
[Date "2016.08.21"]
[Round "9.78"]
[White "Möller, Dirk"]
[Black "Kretzschmar, Jan"]
[Result "0-1"]
[WhiteElo "1577"]
[BlackElo "1808"]
[PlyCount "80"]
[EventDate "2016.??.??"]
[WhiteTeam "SC Kreuzberg"]
[BlackTeam "SC Kreuzberg"]

1. e4 c5 2. Nf3 e6 3. Nc3 Nc6 4. d4 cxd4 5. Nxd4 Qc7 6. Be2 Nf6 7. Be3 a6 8.
O-O Bb4 9. Nxc6 Qxc6 10. e5 Bxc3 11. bxc3 Nd5 12. c4 Ne7 13. Bd3 d5 14. c5 Qc7
15. f4 g6 16. Qf3 Bd7 17. Rab1 Bc6 18. Bd4 Qd7 19. Qf2 h6 20. Qh4 Ng8 21. Rb2
Qe7 22. Qf2 h5 23. Rfb1 Nh6 24. h3 Nf5 25. Rb6 Qh4 26. Qxh4 Nxh4 27. Bxa6 O-O
28. Bxb7 Bxb7 29. Rxb7 Rxa2 30. Rc1 Nf5 31. Bf2 h4 32. Kh2 Ra4 33. g3 hxg3+ 34.
Bxg3 Rc4 35. Rc7 Kg7 36. c3 Rb8 37. Bf2 Rb2 38. Kg1 Rxf4 39. Bd4 Nh4 40. c6
Rg2+ 0-1

[Event "Lichtenberger Sommer 2016"]
[Site "?"]
[Date "2016.08.21"]
[Round "9.79"]
[White "Engelhardt, Erhard"]
[Black "Schacht, Thomas"]
[Result "1-0"]
[WhiteElo "1754"]
[BlackElo "1678"]
[PlyCount "57"]
[EventDate "2016.??.??"]
[WhiteTeam "SSV Rotation Berlin"]
[BlackTeam "BSV 63 Chemie Weißensee"]

1. b4 f5 2. Bb2 Nf6 3. Nf3 e6 4. b5 Be7 5. c4 O-O 6. e3 d6 7. d4 c5 8. dxc5
dxc5 9. Bd3 Qc7 10. O-O Bd6 11. Qc2 b6 12. Nbd2 Bb7 13. h3 Nbd7 14. e4 f4 15.
Rfe1 e5 16. a4 Nh5 17. Bc3 Rf6 18. Be2 Re8 19. Nh2 Rh6 20. Bxh5 Rxh5 21. f3 Qd8
22. Qd3 Re6 23. Kh1 Qg5 24. Rg1 Reh6 25. Ng4 Rxh3+ 26. gxh3 Rxh3+ 27. Nh2 Qh4
28. Rg2 Rg3 29. Rag1 1-0

[Event "Lichtenberger Sommer 2016"]
[Site "?"]
[Date "2016.08.21"]
[Round "9.80"]
[White "Maple, Shawn"]
[Black "Wolfram, Mike"]
[Result "1-0"]
[WhiteElo "1726"]
[BlackElo "1556"]
[PlyCount "39"]
[EventDate "2016.??.??"]
[WhiteTeam "Königsjäger Süd-West"]
[BlackTeam "Lok Pritzwalk"]

1. d4 d5 2. Nf3 Nf6 3. Bf4 e6 4. e3 c5 5. dxc5 Bxc5 6. a3 Nc6 7. Be2 a6 8. O-O
O-O 9. c4 Bd6 10. Bxd6 Qxd6 11. Nc3 Rd8 12. Qc2 e5 13. cxd5 Nxd5 14. Rfd1 Qc5
15. Ng5 g6 16. Nge4 Bf5 17. Nxc5 Bxc2 18. Rxd5 Rxd5 19. Nxd5 b6 20. Nxa6 1-0

[Event "Lichtenberger Sommer 2016"]
[Site "?"]
[Date "2016.08.21"]
[Round "9.81"]
[White "Bahr, Arne"]
[Black "Kramer, Ralf"]
[Result "1-0"]
[WhiteElo "1646"]
[BlackElo "1559"]
[PlyCount "93"]
[EventDate "2016.??.??"]
[WhiteTeam "SG Turm Kiel"]
[BlackTeam "SK Zehlendorf"]

1. f4 d5 2. b3 Nf6 3. e3 Bg4 4. Nf3 Nbd7 5. Bb2 c6 6. Be2 e6 7. O-O Bxf3 8.
Bxf3 Bd6 9. c4 Qb6 10. Qe2 Bxf4 11. Bd4 Bxh2+ 12. Kxh2 Qc7+ 13. Kg1 e5 14. Bb2
h5 15. cxd5 e4 16. Bxe4 Nxe4 17. Qf3 Nef6 18. dxc6 bxc6 19. Na3 O-O 20. Nc4 Ng4
21. Qf4 Qxf4 22. Rxf4 f6 23. Raf1 Rad8 24. Rf5 g6 25. Ra5 Ra8 26. Ra6 c5 27. g3
Nb6 28. Nd6 Nd5 29. Ne4 Nb4 30. Rd6 Rf7 31. Nxf6+ Nxf6 32. Rdxf6 Rxf6 33. Rxf6
Kh7 34. Rf7+ Kg8 35. Rg7+ Kf8 36. Rxg6 Rd8 37. Bc3 Nxa2 38. Rh6 Nxc3 39. Rh8+
Ke7 40. Rxd8 Kxd8 41. dxc3 Ke7 42. Kf2 Kf6 43. b4 cxb4 44. cxb4 Kf5 45. Kf3 Kf6
46. Kf4 Ke6 47. Kg5 1-0

[Event "Lichtenberger Sommer 2016"]
[Site "?"]
[Date "2016.08.21"]
[Round "9.82"]
[White "Richter, Robert"]
[Black "Andersohn, Marco"]
[Result "1-0"]
[WhiteElo "1542"]
[BlackElo "1300"]
[PlyCount "69"]
[EventDate "2016.??.??"]
[WhiteTeam "SV Rüdersdorf"]
[BlackTeam "SC Weisse Dame (Berlin)"]

1. e4 e5 2. Nf3 Nc6 3. Bc4 Nf6 4. d3 d5 5. exd5 Nxd5 6. Qe2 f6 7. d4 Nb6 8. Bb5
Bd6 9. dxe5 fxe5 10. Bg5 Qd7 11. Nxe5 Qe6 12. Nxc6 Qxe2+ 13. Kxe2 O-O 14. Nd4
Bc5 15. Be3 a6 16. Bd3 Re8 17. c3 Nd5 18. Re1 Bg4+ 19. Kf1 Nxe3+ 20. fxe3 b5
21. Nd2 Bb6 22. Be2 Rf8+ 23. Kg1 Bd7 24. Rf1 c5 25. Rxf8+ Rxf8 26. N4f3 c4 27.
Nd4 Re8 28. Nf1 Bc8 29. Bf3 b4 30. cxb4 Rd8 31. Nc6 Re8 32. Bd5+ Kh8 33. Bxc4
Bxe3+ 34. Nxe3 Rxe3 35. Rd1 1-0

[Event "Lichtenberger Sommer 2016"]
[Site "?"]
[Date "2016.08.21"]
[Round "9.83"]
[White "Pöltelt, Helmut"]
[Black "Raasch, Hauke"]
[Result "1-0"]
[WhiteElo "1749"]
[BlackElo "1269"]
[PlyCount "99"]
[EventDate "2016.??.??"]
[WhiteTeam "SC Eintracht Berlin"]
[BlackTeam "SC Eintracht Berlin"]

1. e4 c5 2. Nc3 e6 3. Bc4 a6 4. a4 Qc7 5. d3 b6 6. f4 Bb7 7. Nf3 Nc6 8. Be3 d6
9. O-O Nf6 10. h3 Be7 11. Bf2 Nd7 12. Qd2 e5 13. f5 Na5 14. Nd5 Qd8 15. b3 Nxc4
16. bxc4 Bxd5 17. cxd5 f6 18. Rfb1 Rb8 19. c4 Kf7 20. Qe2 Re8 21. Nh4 Nf8 22.
Qh5+ Kg8 23. Ra2 Qc7 24. Rab2 Rec8 25. Be3 Qd8 26. Bd2 Qc7 27. Kf2 Bd8 28. Qd1
Nd7 29. g4 Be7 30. Nf3 Bd8 31. h4 Be7 32. g5 Bd8 33. Qg1 Kh8 34. h5 Be7 35. h6
Bf8 36. hxg7+ Bxg7 37. g6 hxg6 38. Qxg6 a5 39. Qf7 Nf8 40. Rh1+ Nh7 41. Qg6 Bf8
42. Qxf6+ Kg8 43. Rg1+ Bg7 44. Qg6 Nf8 45. Qg4 Qf7 46. Bh6 Rc7 47. Ke3 Rbb7 48.
Rbg2 Nh7 49. Bxg7 Qxg7 50. Qh3 1-0

[Event "Lichtenberger Sommer 2016"]
[Site "?"]
[Date "2016.08.21"]
[Round "9.84"]
[White "David, Daniel"]
[Black "Schwager, Thomas"]
[Result "1/2-1/2"]
[WhiteElo "1445"]
[BlackElo "1632"]
[PlyCount "29"]
[EventDate "2016.??.??"]
[WhiteTeam "SC Erkrath"]
[BlackTeam "SC Friesen Lichtenberg"]

1. e4 c5 2. Nf3 d6 3. Bb5+ Bd7 4. Bxd7+ Nxd7 5. d4 cxd4 6. Nxd4 Ngf6 7. Nc3 e6
8. Bg5 Be7 9. Qd2 Rc8 10. Ndb5 Qb6 11. Be3 Nc5 12. Bxc5 dxc5 13. a4 a6 14. Na3
O-O 15. Nc4 1/2-1/2

[Event "Lichtenberger Sommer 2016"]
[Site "?"]
[Date "2016.08.21"]
[Round "9.85"]
[White "Ho, Ngoc Hai-Dang"]
[Black "Kreuchauf, Olaf"]
[Result "1-0"]
[WhiteElo "1242"]
[BlackElo "1777"]
[PlyCount "73"]
[EventDate "2016.??.??"]
[WhiteTeam "SF Friedrichshagen"]
[BlackTeam "SC Eintracht Berlin"]

1. e4 c5 2. Nf3 Nc6 3. d4 cxd4 4. Nxd4 Nf6 5. Nc3 e5 6. Ndb5 d6 7. Bg5 a6 8.
Bxf6 gxf6 9. Na3 b5 10. Nd5 Bg7 11. c3 f5 12. Bd3 fxe4 13. Bxe4 O-O 14. Qf3 f5
15. Bc2 Ra7 16. Bb3 Kh8 17. Nc2 e4 18. Qh5 Be5 19. O-O-O Rg7 20. Rdg1 Na5 21.
Na1 Nxb3+ 22. Nxb3 Be6 23. Qd1 a5 24. Kb1 f4 25. g3 Qa8 26. Nxf4 Bg4 27. Qd2
Bf3 28. Ne6 Rfg8 29. Nxg7 Rxg7 30. h3 e3 31. Qc1 exf2 32. Rf1 Bxh1 33. Rxh1
Rxg3 34. Qf1 Qe4+ 35. Ka1 Rxh3 36. Qxh3 Qe1+ 37. Nc1 1-0

[Event "Lichtenberger Sommer 2016"]
[Site "?"]
[Date "2016.08.21"]
[Round "9.86"]
[White "Stiemerling, Andreas"]
[Black "Fischer, Josef"]
[Result "1/2-1/2"]
[WhiteElo "1752"]
[BlackElo "1386"]
[PlyCount "99"]
[EventDate "2016.??.??"]
[WhiteTeam "SSV Rotation Berlin"]
[BlackTeam "SK Kriegshaber"]

1. c4 e6 2. d4 f5 3. Nf3 Nf6 4. g3 d5 5. c5 c6 6. Bg2 Be7 7. O-O O-O 8. Bf4 Ne4
9. Nbd2 Qe8 10. Ne5 Nd7 11. Nxd7 Bxd7 12. Nf3 g5 13. Be5 Qh5 14. Qb3 g4 15.
Qxb7 Qe8 16. Nh4 Bxh4 17. gxh4 Nd2 18. Rfd1 Nc4 19. Bf4 Na5 20. Qc7 Nc4 21. b3
Na3 22. Qa5 Nc2 23. Rac1 Nxd4 24. Rxd4 e5 25. e3 exd4 26. exd4 Qd8 27. Qxd8
Raxd8 28. h3 Rde8 29. Be5 h5 30. Kh2 Bc8 31. Bf1 Be6 32. Rc3 a5 33. f4 Ra8 34.
Rc2 Rf7 35. Rc1 Rb7 36. Rb1 Rb4 37. Bd3 a4 38. Bc2 axb3 39. Rxb3 Rxb3 40. Bxb3
Bc8 41. Kg3 Ba6 42. hxg4 fxg4 43. Bc2 Kf7 44. f5 Bc4 45. a4 Ra7 46. Kf4 Rb7 47.
f6 Rb2 48. Bf5 Rg2 49. Kg5 g3 50. Bg6+ 1/2-1/2